Datum a čas kvízu
20
Celkem bodů
Celkový počet nahraných bodů na tomto kvízu bez doplňovacích otázek.
6.
Pořadí na kvízu
Konečné umístění týmu na tomto kvízu.
Zaznamenané odpovědi
| # | Otázka | Odpověď | Body | Výsledky |
|---|---|---|---|---|
| 1. | Český premiér Andrej Babiš při... | o pistoli | 1 | |
| 2. | Je všeobecně známo, že Čína dl... | turisté prý špatně snášejí vysokou nadmořskou výšku | 0 | |
| 3. | Tři interpreti dostali v úter... | Lucie, Barbora Poláková | 1 | |
| 4. | Americký prezident Donald Trum... | (Tim) Apple | 0 | |
| 5. | Vedoucí žena Světového poháru... | Špindlerův Mlýn | 1 | |
| 6. | V prvních čtyřech otázkách tém... | Božena Němcová, Babička | 1 | |
| 7. | „Vstávej!“ ...Meduna krásně př... | Karel Poláček, Muži v offsidu | 1 | |
| 8. | "Mé nejstarší vzpomínky... To... | Karel Čapek, Hovory s TGM | 1 | |
| 9. | Zde nejde o první větu, ale je... | Vladislav Vančura, Rozmarné léto | 0 | |
| 10. | "V jednom kupé druhé třídy ryc... | B | 1 |